00891nam a2200229 a 4500001001000000003000500010005001700015008004100032010001100073011001100084040000900095100002700104245014800131260004100279500006000320502009800380650003900478650003000517650002800547856001600575856007000591000112334CHAP20220329144258.0160302s2015 mx a fsm |||||||spa d a108795 a109767 cCHAP1 aAvalos Campos, Eduardo10aAgricultura de conservación en el cultivo de maíz (Zea mays L.) en la Comarca Lagunera, México/h[En línea]cpor Eduardo Avalos Campos. aBermejillo, Dgo. :bEl autor,c2015. aPara ver el contenido del material haga clic en la liga aTesis (Ing. en Sistemas Agrícolas) -- UACH. Unidad Regional Universitaria de Zonas Áridas14aAgricultura sustentablezMéxico.14aMaízxComarca Lagunera.14aSuelosxConservación. a1 n0000603 aFinding aiduhttp://10.13.5.2/tesis/sist112334.pdfzTeclea aquí